000 00746nam a2200205 a 4500
005 20140412111232.0
008 020311s19uu xx 00 eng d
020 _a0-590-60246-2
050 _aER
_bLu96 1996
100 _aNagel, Karen Berman
245 _aThe lunch line /
_cby Karen Berman Nagel; illustrated by Jerry Zimmerman.
260 _aNew York :
_bScholastic Inc,
_c1996.
300 _a1v. (unp.) ; ill.
440 _aHello Math Reader, Level 3, Grades 1 & 2
520 _aIn the school cafeteria at lunchtime, Kim eyes all the tasty food and tries to figure out what she can buy with her dollars.
650 _aMoney
_xFiction
650 _aSchool lunchrooms,
_xcafeterias
_xFiction
650 _aFood
_xFiction
999 _c102236
_d102236